[Recenzia na publikáciu Slovenské hospodárstvo v kontexte tohtoročných výziev a príležitostí]

Salvato in:
Dettagli Bibliografici
Autore principale: Strižencová, Michaela
Natura: Capitolo di libro
Lingua:slovacco
Soggetti:
Tags: Aggiungi Tag
Nessun Tag, puoi essere il primo ad aggiungerne!!

MARC

LEADER 00000nla a2200000 4500
001 0200440
005 20240502073405.3
041 0 |a slo 
044 |a SK 
245 1 0 |a [Recenzia na publikáciu Slovenské hospodárstvo v kontexte tohtoročných výziev a príležitostí]  |c Michaela Strižencová 
610 2 0 |a firmy 
610 2 0 |a kríza finančná 
610 2 0 |a investície finančné 
610 2 0 |a prostredie ekonomické 
100 1 |a Strižencová, Michaela